=LDR 00000nam 2200000 4500 =001 000292 =005 20250711023947 =035 ##$$a 0010-0725000139 =245 1#$$a Tiga Kucing Kecil /$c Chou Chinith =100 #$$a Chinith,Chou =250 ##$$a pertama =300 ##$$a 24hlm. : $b ilus. ; $c 22.9cm =856 ##$$a TBM AS-SYUHADA =700 #$$a Youm Kosal =260 ##$$a Jakarta Timur :$b Badan Pengembangan dan pembinaan Bahasa,$c 2022 =082 ##$$a 398.209 598 =650 #4$$a cerita anak indonesia-terjemah inggris =008 250711###########################0###### =020 ##$$a 978-623-472-056-3 =600 #4$$a literasi bahan bacaan =084 ##$$a 398.209 598 CHI t =990 ##$$a TBM202500096